Statistics for Baseball All-MLB Teams

Click here to take the quiz!

General Stats

  • This quiz has been taken 34 times
    (16 since last reset)
  • The average score is 57 of 101

Answer Stats

PositionTeam(s)AnswerYear(s)% Correct
2BAstrosJose Altuve2019, 2022*
100%
OFBravesRonald Acuna Jr.2019, 2020, 2023*
100%
1BWhite SoxJose Abreu2020
91%
OFBOS/LADMookie Betts2019, 2020*, 2022*, 2023*
91%
3BCardinalsNolan Arenado2022
91%
2BBravesOzzie Albies2021, 2023
91%
1BMetsPete Alonso2019*
91%
SPMarlinsSandy Alcantara2022*
91%
SP/DHAngelsShohei Ohtani2021*, 2021, 2022* 2022, 2023*, 2023*
91%
DHAstrosYordan Alvarez2019, 2021, 2022*, 2023
91%
3BAstrosAlex Bregman2019
82%
SPBrewersCorbin Burnes2021*
82%
SPHOU/NYYGerrit Cole2019*, 2020, 2021*, 2023*
82%
SSRed SoxXander Bogaerts2019*
82%
OFYankeesAaron Judge2021*, 2022*, 2023
73%
SPPhilliesAaron Nola2022
73%
RPYankeesAroldis Chapman2019
73%
OFPhilliesBryce Harper2021*
73%
CGiantsBuster Posey2021
73%
SPDodgersClayton Kershaw2020
73%
OFDiamondbacksCorbin Carroll2023*
73%
1BATL/LADFreddie Freeman2019, 2020*, 2021, 2022, 2023*
73%
3BIndiansJose Ramirez2020, 2023
73%
1BBravesMatt Olson2023
73%
SPBravesMax Fried2020*, 2021, 2022
73%
OFAngelsMike Trout2019*, 2020*, 2022*
73%
CRoyalsSalvador Perez2020*, 2021*
73%
COriolesAdley Rutschman2023*
64%
3BBravesAustin Riley2021*, 2023*
64%
SPPadresBlake Snell2023*
64%
OFDodgersCody Bellinger2019*
64%
SSLAD/TEXCorey Seager2020, 2023*
64%
SPWhite SoxDylan Cease2022
64%
SSPadresFernando Tatis Jr.2020*, 2021*
64%
SSMetsFrancisco Lindor2022, 2023
64%
SPMetsJacob DeGrom2019*, 2020*
64%
CPhilliesJT Realmuto2019*, 2020, 2022*
64%
OFPhilliesKyle Schwarber2022
64%
OFAstrosKyle Tucker2021, 2022, 2023
64%
3BPadresManny Machado2020*, 2022*
64%
SPWAS/LAD/NYMMax Scherzer2019*, 2021*, 2022
64%
DHTwinsNelson Cruz2019*, 2020
64%
SPBravesSpencer Strider2023*
64%
SSWAS/LADTrea Turner2021, 2022*
64%
1BBlue JaysVladimir Guerrero Jr.2021*
64%
CDodgersWill Smith2022
64%
SPPhilliesZack Wheeler2021
64%
OFRangersAdolis Garcia2023
55%
2BRaysBrandon Lowe2020
55%
SPRaysCharlie Morton2019
55%
OFBrewersChristian Yelich2019*
55%
SPAstrosFramber Valdez2022*
55%
RPBrewersJosh Hader2019*, 2021*, 2023*
55%
OFNationalsJuan Soto2019, 2020*, 2021*
55%
OFMarinersJulio Rodriguez2022
55%
SPAstrosJustin Verlander2019*, 2022*
55%
SSOAK/TOR/TEXMarcus Semien2019, 2021*, 2023*
55%
1BCardinalsPaul Goldschmidt2022*
55%
3BRed SoxRafael Devers2021
55%
SPIndiansShane Bieber2020*
55%
SPTwinsSonny Gray2023
55%
SPNationalsSteven Strasburg2019*
55%
SPRedsTrevor Bauer2020*
55%
SPDodgersWalker Buehler2021*
55%
SPCubsYu Darvish2020*
55%
2BGuardiansAndres Gimenez2022
45%
3BNationalsAnthony Rendon2019*
45%
RPBrewersDevin Williams2020, 2023
45%
SPLAD/TORHyun-Jin Ryu2019, 2020
45%
CRangersJonah Heim2023
45%
SPDodgersJulio Urias2021, 2022
45%
SPTwinsKenta Maeda2020
45%
SPSFG/TORKevin Gausman2021, 2023
45%
DHBravesMarcell Ozuna2020*
45%
SPARI/HOUZach Greinke2019
45%
SPBlue JaysAlek Manoah2022*
36%
2BYankeesDJ LeMahieu2019*, 2020*
36%
RPMetsEdwin Diaz2022*
36%
RPGuardiansEmmanuel Clase2022*, 2023
36%
RPOriolesFelix Bautista2023*
36%
SPRangersJordan Montgomery2023
36%
SPOriolesKyle Bradish2023
36%
SPRangersNate Eovaldi2023
36%
RPRaysNick Anderson2020*
36%
OFRedsNick Castellanos2021
36%
SPDiamondbacksZac Gallen2023*
36%
RPIndiansBrad Hand2020
27%
SPCardinalsJack Flaherty2019
27%
RPDodgersKenley Jansen2021
27%
OFMetsMichael Conforto2020
27%
SPBravesMike Soroka2019
27%
OFGiantsMike Yastrzemski2020
27%
SPBlue JaysRobbie Ray2021*
27%
RPCardinalsRyan Helsley2022
27%
RPAstrosRyan Pressley2022
27%
OFBlue JaysTeoscar Hernandez2021
27%
SPPadresDinelson Lamet2020
18%
RPPadresKirby Yates2019*
18%
RPOAK/CWSLiam Hendriks2019, 2020*, 2021*
18%
RPRedsRaisel Iglesias2021
18%
CBrewersYasmani Grandal2019
18%

Score Distribution

Percentile by Number Answered

Percent of People with Each Score

Your Score History

You have not taken this quiz since the last reset